| 000 | 00666nam a2200265Ia 4500 | ||
|---|---|---|---|
| 005 | 20250425162343.0 | ||
| 008 | 250425s9999 xx 000 0 und d | ||
| 020 | _a9706863613 | ||
| 041 | _aspa | ||
| 082 | _a620.11 | ||
| 100 | _aASKELAND, DONALD R. | ||
| 245 | 0 | _aCIENCIA E INGENIERIA DE LOS MATERIALES | |
| 250 | _a4A ED. | ||
| 260 | _aMEXICO | ||
| 260 |
_aMéxico _bINTERNATIONAL THOMSON _c2004 |
||
| 300 | _a1004 | ||
| 650 | _aATOMOS | ||
| 650 | _aENDURECIMIENTO | ||
| 650 | _aMATERIALES DE INGENIERIA | ||
| 650 | _aPROPIEDADES FISICAS | ||
| 650 | _aPROPIEDADES MECANICAS | ||
| 700 | _aPHULE, PRADEEP P. | ||
| 942 | _c01 | ||
| 010 | _a64814 | ||
| 999 |
_c227511 _d227511 |
||